Statistieken voor Top 15 landen met Covid-19 sterfgevallen - 23 november

Klik hier om de quiz te nemen!

Algemene statistieken

  • Deze quiz is 3 keer genomen
  • De gemiddelde score is 15 van 21

Antwoordstatistieken

land% Correct
Argentinië
100%
Brazilië
100%
Chili
100%
Colombia
100%
Frankrijk
100%
India
100%
Indonesië
100%
Mexico
100%
Rusland
100%
Spanje
100%
Verenigde Staten
100%
Verenigd Koninkrijk
100%
België
50%
Bolivia
50%
Iran
50%
Italië
50%
Peru
50%
Zuid-Afrika
50%
Bosnië en Herzegovina
0%
Ecuador
0%
Noord-Macedonië
0%

Scoreverdeling

Percentiel versus Aantal Correcte Antwoorden

Procent van Mensen met Elke Score

Uw Scoregeschiedenis

U heeft deze quiz nog niet genomen